000 00556nam a2200217Ia 4500
003 GCL
008 140319s9999 xx 000 0 eng d
040 _aGCL /
_cGCL
082 0 4 _aCC
_b916.204
_bA V
100 1 _aLICHTENSTEIN, VON H.L.
245 1 0 _aVOYAGES EN EGYPTE PENDANT LES ANNEES 1587-1588 /
_cLICHTENSTEIN, VON H.L.
700 1 _aKIECHELS.
700 1 _aTEUFEL,H. CHR.
260 _a[S.N] :
_bIFAO ،
_c1972
300 _a266 P
650 0 4 _aEGYPT
650 0 4 _aHISTORY
650 0 4 _aTRAVELS
650 0 4 _aCOLLECTIONS
942 _2ddc
_cBK
999 _c17550
_d17550